Vè sinh hoạt
Các tập vè gồm các nội dung sau: Khải luận, Vè sinh hoạt, Vè chống phong kiến đế quốc, Phụ lục và Tài liệu tham khảo
Wedi'i Gadw mewn:
| Awdur Corfforaethol: | |
|---|---|
| Fformat: | Llyfr |
| Iaith: | Undetermined |
| Cyhoeddwyd: |
Hà Nội
Khoa học - Xã hội
2015
|
| Pynciau: | |
| Tagiau: |
Ychwanegu Tag
Dim Tagiau, Byddwch y cyntaf i dagio'r cofnod hwn!
|
| Thư viện lưu trữ: | Trung tâm Học liệu Trường Đại học Cần Thơ |
|---|
| LEADER | 00791nam a2200193Ia 4500 | ||
|---|---|---|---|
| 001 | CTU_209394 | ||
| 008 | 210402s9999 xx 000 0 und d | ||
| 082 | |a 398.809597 | ||
| 082 | |b H452/Q.1 | ||
| 110 | |a Hội văn nghệ dân gian Việt Nam | ||
| 245 | 0 | |a Vè sinh hoạt | |
| 245 | 0 | |c Vũ Tố Hảo (Biên soạn) | |
| 260 | |a Hà Nội | ||
| 260 | |b Khoa học - Xã hội | ||
| 260 | |c 2015 | ||
| 520 | |a Các tập vè gồm các nội dung sau: Khải luận, Vè sinh hoạt, Vè chống phong kiến đế quốc, Phụ lục và Tài liệu tham khảo | ||
| 650 | |a Văn học dân gian Việt Nam,Folk literature, Vietnamese | ||
| 904 | |i Trần Thu Thảo,Hải | ||
| 980 | |a Trung tâm Học liệu Trường Đại học Cần Thơ | ||